00554nam a22001697a 450000500170000001000130001702000140003003500120004403700130005608200110006910000350008024500940011524600630020926000410027227000490031330000220036220190807111103.0 aUR-10348 c264.00a- aU-8903. bDBAD/PUB a841.08 aمر ز ا محمد يو سف  aا نتخا ب ا د بی مر ا ثی (حصہ پنجم)cمر ز ا محمد يو سف  bIntekhab Adabi Mirasi (Vol.5) (Urdu)aby Mirza Mohd.Yusuf aN.DelhibMirza Mohd.Yusufc2018 ء  a178/132,Golaganj,bLucknowe-k9336916287l- a448 صc22 Cm(Hb)